Οι ισπανοί αναρχικοί : τα ηρωϊκά χρόνια 1868-1936

Αποθηκεύτηκε σε:
Λεπτομέρειες βιβλιογραφικής εγγραφής
Κύριος συγγραφέας: Bookchin, Murray, 1921-2006
Άλλοι συγγραφείς: Μπέρκνερ, Ροζίνα (trlf [Μεταφράστρια], edtf [Επιμελήτρια]), Κασταναράς, Γιάννης (Μεταφραστής)
Μορφή: Βιβλίο
Γλώσσα:Greek
English
Δημοσίευση: Αθήνα : Βιβλιοπέλαγος, 2011.
Θέματα:
Ετικέτες: Προσθήκη ετικέτας
Δεν υπάρχουν, Καταχωρήστε ετικέτα πρώτοι!

MARC

LEADER 00000cam a2200000 i 4500
001 1/17921
008 120217s2011 gr | ||| |||| ||gre||
020 |a 9789607280424 
035 |l 10111886 
040 |a GR-MyUA  |b gre  |e AACR2 
041 1 |a gre  |h eng 
082 0 |a 335.830946  |2 (22) 
100 1 |a Bookchin, Murray,   |d 1921-2006. 
245 1 3 |a Οι ισπανοί αναρχικοί :   |b τα ηρωϊκά χρόνια 1868-1936 /   |c Μάρεϊ Μπούκτσιν ; μετάφραση Γιάννης Κασταναράς, Ροζζίνα Μπέρκνερ ; επιμέλεια μετάφρασης Ροζίνα Μπέρκνερ, Μιχαήλ Πρωτοψάλτης. 
260 |a Αθήνα :   |b Βιβλιοπέλαγος,   |c 2011.  
300 |a 588 σ. ;   |c 21 εκ. 
500 |a Πρώτη έκδοση: Free Life Editions, 1977.  
500 |a Τίτλος πρωτοτύπου: The Spanish anarchists.  
650 0 0 |a Anarchists  |z Spain  |x History. 
700 1 |a Μπέρκνερ, Ροζίνα,  |e trlf [Μεταφράστρια]  |e edtf [Επιμελήτρια] 
700 1 |a Κασταναράς, Γιάννης,  |e trl 
852 |a INST  |b LESVOS  |e 20120217  |h 335.830946 BOO  |p 005100050764  |q 005100050764  |t BK  |y 0 
901 |a BIBL1-2012-1 
909 |a Λ  |b 173378 
970 |a ΤΖΑΦΕΡΗ  |b ΕΥΑΓΓΕΛΙΑ  |z 2012/02/17